LIBRARY & INFORMATION CENTRE, KCAET, TAVANUR

ONLINE PUBLIC ACCESS CATALOGUE (OPAC)

A Textbook of Production Engineering / (Record no. 1591)

MARC details
000 -LEADER
fixed length control field 00426cam a2200169ua 4500
003 - CONTROL NUMBER IDENTIFIER
control field OSt
008 - FIXED-LENGTH DATA ELEMENTS--GENERAL INFORMATION
fixed length control field 250405b |||||||| |||| 00| 0 eng d
020 ## - INTERNATIONAL STANDARD BOOK NUMBER
ISBN 81-219-01111
082 ## - DEWEY DECIMAL CLASSIFICATION NUMBER
Classification number 670
Item number SHA/TE
100 ## - MAIN ENTRY--AUTHOR NAME
Personal name Sharma, P.C .
100 ## - MAIN ENTRY--AUTHOR NAME
Personal name Miste,Lmisme
245 ## - TITLE STATEMENT
Title A Textbook of Production Engineering /
250 ## - EDITION STATEMENT
Edition statement 1 /
260 ## - PUBLICATION, DISTRIBUTION, ETC. (IMPRINT)
Place of publication New Delhi
Name of publisher S.Chand &Company Pvt. Ltd
Year of publication 2014
300 ## - PHYSICAL DESCRIPTION
Number of Pages 983 .
942 ## - ADDED ENTRY ELEMENTS (KOHA)
Koha item type Books
Holdings
Withdrawn status Lost status Damaged status Home library Current library Date acquired Full call number Accession Number Koha item type Collection code Shelving location Source of acquisition Cost, normal purchase price
      KAUAET KAUAET 07/04/2012 670 SHA/TE 19432 Books        
      KAUAET KAUAET 07/04/2012 670 SHA/TE 18565 Books        
      KAUAET KAUAET 07/04/2012 670 SHA/TE 22106 Books        
      KAUAET KAUAET 22/06/2016 670 SHA/TE 24759 Books   General Stacks Padma Book house, Palakkkad 495.00
free website counter